|
|
|
|
| LEADER |
00000naa2a2200000 4500 |
| 001 |
621271 |
| 005 |
20231229115205.0 |
| 035 |
|
|
|a (RuTPU)RU\TPU\conf\19838
|
| 035 |
|
|
|a RU\TPU\conf\19837
|
| 090 |
|
|
|a 621271
|
| 100 |
|
|
|a 20161209d2016 k y0engy50 ba
|
| 101 |
0 |
|
|a eng
|
| 102 |
|
|
|a RU
|
| 105 |
|
|
|a y z 101zy
|
| 135 |
|
|
|a drgn ---uucaa
|
| 181 |
|
0 |
|a i
|
| 182 |
|
0 |
|a b
|
| 200 |
1 |
|
|a Forming of long nanosecond pulses with a rectangular envelope in a compact active microwave pulse compressor
|f S. N. Artemenko, V. S. Igumnov, S. A. Gorev
|
| 203 |
|
|
|a Текст
|c электронный
|
| 300 |
|
|
|a Title screen
|
| 463 |
|
0 |
|0 (RuTPU)RU\TPU\conf\19513
|t Energy Fluxes and Radiation Effects (EFRE-2016)
|o International Congress, October 2–7, 2016, Tomsk, Russia
|o abstracts
|f National Research Tomsk Polytechnic University (TPU) ; eds. B. M. Kovalchuk [et al.]
|v [P. 101]
|d 2016
|
| 610 |
1 |
|
|a труды учёных ТПУ
|
| 610 |
1 |
|
|a электронный ресурс
|
| 610 |
1 |
|
|a наносекундные импульсы
|
| 610 |
1 |
|
|a компрессоры
|
| 610 |
1 |
|
|a СВЧ-импульсы
|
| 610 |
1 |
|
|a микроволновые печи
|
| 610 |
1 |
|
|a высокая мощность
|
| 610 |
1 |
|
|a microwave compressor
|
| 610 |
1 |
|
|a microwave compression system
|
| 610 |
1 |
|
|a high-power
|
| 610 |
1 |
|
|a plasma switch
|
| 610 |
1 |
|
|a waveguide
|
| 610 |
1 |
|
|a cavity
|
| 700 |
|
1 |
|a Artemenko
|b S. N.
|c physicist
|c Leading researcher of Tomsk Polytechnic University, Doctor of physical and mathematical science
|f 1951-
|g Sergey Nikolaevich
|3 (RuTPU)RU\TPU\pers\31801
|
| 701 |
|
1 |
|a Igumnov
|b V. S.
|c Physicist
|c Engineer of Tomsk Polytechnic University
|f 1982-
|g Vladislav Sergeevich
|3 (RuTPU)RU\TPU\pers\32718
|9 16603
|
| 701 |
|
1 |
|a Gorev
|b S. A.
|c physicist
|c technician-designer of Tomsk Polytechnic University
|f 1991-
|g Stanislav Andreevich
|3 (RuTPU)RU\TPU\pers\34234
|
| 712 |
0 |
2 |
|a Национальный исследовательский Томский политехнический университет (ТПУ)
|b Физико-технический институт (ФТИ)
|b Лаборатория № 46
|3 (RuTPU)RU\TPU\col\19319
|
| 801 |
|
2 |
|a RU
|b 63413507
|c 20161230
|g RCR
|
| 856 |
4 |
|
|u http://earchive.tpu.ru/handle/11683/35882
|
| 942 |
|
|
|c BK
|